000 01084nam a2200349 4500
001 22092
003 DO-SdBPM
005 20251210074838.0
007 ta
008 880701s1988 sp spa
016 7 _2
020 _a8432091014
040 _aDO-SdBPM
_bspa
_cBPMSU
_erda
082 4 _a823.8
_bT363a 1998
_222
100 1 _aThackeray, William Makepeace
_d1811-1863
_4aut.
_eautor
245 1 4 _aLas aventuras de Barry Lyndon /
_cWilliam M. Thackeray ; traducción, Rafael Vázquez Zamora
264 _aBarcelona :
_bPlaneta,
_c1988
300 _a297 páginas ;
_c20 cm.
336 _atexto
_btxt
_2rdacontent
337 _asin mediación
_bn
_2rdamedia
338 _avolumen
_bnc
_2rdacarrier
490 0 _aBiblioteca mundial de grandes aventuras
500 _a
590 _aInventariado, 2025/VM
650 7 _aNovela inglesa
650 7 _aRiqueza
_vNovela.
650 7 _aNovela de aventuras.
700 1 _aVázquez Zamora, Rafael
_4traductor
740 4 0 _aLas Aventuras de Barry Lyndon
910 _aVMateo V. Control de calidad. BPMSU
942 _2ddc
_cBK
999 _c8786
_d8786